Представление документа в формате MARC21

Поле Инд. ПП Название Значение
Тип записи a
Библиографический уровень a
001 Контрольный номер 5031e6d8d227442f8686d49058818183
005 Дата корректировки 20260423084544.2
020 a ISBN 978-5-907919-723
040 a Служба первич. каталог. НБ ТвГУ
b Код языка каталог. rus
e Правила каталог. PSBO
041 0_ a Код языка текста rus
097 b Оператор Komarova.ES
100 1_ a Автор Малинкин Александр Николаевич
q Полное имя Малинкин А. Н.
245 10 a Заглавие О значении термина «Национальный культурный код»
260 a Место издания Москва
b Издательство Московский союз литераторов
504 a Библиография Библиогр. в подстроч. примеч.
520 0_ a Аннотация Термин «национальный культурный код» фокусирует мысль на сущностном ядре национальной культуры, которое уникально. Уникальность русской национальной культуры автор усматривает, с одной стороны, в русском языке, русской словесности, православной вере; с другой – в способе исторического движения русской национальной культуры через отступнический разрыв с традициями и их последующее восстановление.
653 0_ a Ключевые слова Наука
a Ключевые слова Русский язык
a Ключевые слова Русская словесность
a Ключевые слова Национальный культурный код
a Ключевые слова Культурология
773 18 w Контрольный № источника b6c41c0621c24b1a8844e5348daa290e
t Название источника IV международная научно-практическая конференция "Русский язык и литература в современном мире: как сохранить национальный культурный код"
d Место и дата издания Москва : Московский союз литераторов, 2026
g Прочая информация С. 77-85
901 t Тип документа a
920 a Оператор Кома
954 b Дата поступления в ОК 20260423